[Event "España tch DH-2 2009"]
[Site "Montcada i Reixac ESP"]
[Date "2009.09.19"]
[Round "4.33"]
[White "Matlakov, Maxim"]
[Black "Fontana Sotomayor, Luis Javier"]
[Result "1-0"]
[WhiteElo "2574"]
[BlackElo "2373"]
[PlyCount "105"]
[EventDate "2009.09.16"]
[EventType "team"]
[EventRounds "5"]
[EventCountry "ESP"]
[Source "lmi"]
[SourceDate "2009.09.16"]
[WhiteTeam "Reverte Albox"]
[BlackTeam "C.A. Jaime Casas"]

1. d4 d5 2. Nf3 Nc6 3. c4 Bg4 4. Nc3 e6 5. Bf4 Bd6 6. Bg3 Nf6 7. e3 O-O 8. cxd5
exd5 9. Bh4 Be7 10. Bxf6 Bxf6 11. Be2 Ne7 12. O-O c6 13. Ne1 Bxe2 14. Nxe2 Nf5
15. Nd3 Nd6 16. Nc3 a5 17. g3 g6 18. h4 Re8 19. Qf3 Ne4 20. Qf4 Bg7 21. Nxe4
Rxe4 22. Qf3 Qd6 23. a3 Re7 24. b4 axb4 25. axb4 Ree8 26. h5 g5 27. Rfb1 b6 28.
Qf5 h6 29. Kg2 Bf6 30. Rxa8 Rxa8 31. b5 Rd8 32. bxc6 Qxc6 33. Ra1 Qe6 34. Qf3
Rd7 35. g4 Qe4 36. Nb4 Qxf3+ 37. Kxf3 Be7 38. Nc6 Bd6 39. Rb1 Bc7 40. Rb5 Rd6
41. Ne7+ Kf8 42. Nxd5 Bd8 43. e4 Ke8 44. e5 Rc6 45. Ne3 Kd7 46. Rb3 Rc1 47. Nf5
Kc6 48. Nxh6 Kd5 49. Nxf7 Kc4 50. Nxd8 Kxb3 51. e6 b5 52. h6 Rc7 53. d5 1-0

[Event "España tch DH-2 2009"]
[Site "Montcada i Reixac ESP"]
[Date "2009.09.19"]
[Round "4.34"]
[White "Cortes Lizano, Jesus"]
[Black "Ibarra Jerez, Jose Carlos"]
[Result "0-1"]
[WhiteElo "2173"]
[BlackElo "2516"]
[PlyCount "64"]
[EventDate "2009.09.16"]
[EventType "team"]
[EventRounds "5"]
[EventCountry "ESP"]
[Source "lmi"]
[SourceDate "2009.09.16"]
[WhiteTeam "C.A. Jaime Casas"]
[BlackTeam "Reverte Albox"]

1. c4 e5 2. Nc3 Nf6 3. Nf3 Nc6 4. a3 g6 5. g3 Bg7 6. Bg2 O-O 7. O-O Re8 8. e4
d6 9. d3 a6 10. Bd2 Rb8 11. Rc1 Nd4 12. Nxd4 exd4 13. Nd5 Nd7 14. Ba5 b6 15.
Bd2 Nc5 16. Qc2 Bd7 17. b3 a5 18. Rce1 g5 19. b4 Ba4 20. Qb1 Nb3 21. Bc1 c6 22.
b5 cxd5 23. exd5 Qf6 24. f4 g4 25. f5 Nxc1 26. Qxc1 Bh6 27. Qb2 Be3+ 28. Kh1
Re5 29. Be4 Rbe8 30. h4 h5 31. Qb1 Rxe4 32. dxe4 Qe5 0-1

[Event "España tch DH-2 2009"]
[Site "Montcada i Reixac ESP"]
[Date "2009.09.19"]
[Round "4.35"]
[White "Galindo Rodriguez, Francisco"]
[Black "Inglan Bielsa, Fernando"]
[Result "1-0"]
[WhiteElo "2237"]
[BlackElo "2099"]
[PlyCount "73"]
[EventDate "2009.09.16"]
[EventType "team"]
[EventRounds "5"]
[EventCountry "ESP"]
[Source "lmi"]
[SourceDate "2009.09.16"]
[WhiteTeam "Reverte Albox"]
[BlackTeam "C.A. Jaime Casas"]

1. e4 c5 2. Nf3 d6 3. c4 Nf6 4. Nc3 Nc6 5. d4 cxd4 6. Nxd4 g6 7. Be2 Bg7 8. Be3
O-O 9. O-O Bd7 10. f3 Nxd4 11. Bxd4 Bc6 12. b4 b6 13. Qd2 Nd7 14. Be3 f5 15.
Rad1 Rc8 16. exf5 gxf5 17. Nd5 Qe8 18. Rfe1 Qf7 19. Rc1 Bxd5 20. cxd5 f4 21.
Bf2 Qf6 22. Ba6 Rxc1 23. Rxc1 Qf5 24. h3 Nf6 25. Rc7 Nxd5 26. Rxa7 Bc3 27. Qe2
Ne3 28. Bxe3 fxe3 29. Qc4+ d5 30. Qxc3 Qb1+ 31. Kh2 Rxf3 32. gxf3 Qxa2+ 33. Kg3
Qf2+ 34. Kf4 e2 35. Qc8+ Kf7 36. Qf5+ Kg8 37. Qd3 1-0

[Event "España tch DH-2 2009"]
[Site "Montcada i Reixac ESP"]
[Date "2009.09.19"]
[Round "4.36"]
[White "Salas Latorre, Jose"]
[Black "Rubio Tapia, Jose Juan"]
[Result "0-1"]
[WhiteElo "1710"]
[BlackElo "2125"]
[PlyCount "54"]
[EventDate "2009.09.16"]
[EventType "team"]
[EventRounds "5"]
[EventCountry "ESP"]
[Source "lmi"]
[SourceDate "2009.09.16"]
[WhiteTeam "C.A. Jaime Casas"]
[BlackTeam "Reverte Albox"]

1. d4 Nf6 2. Bg5 d6 3. Bxf6 gxf6 4. e3 e5 5. d5 f5 6. c4 Nd7 7. Nf3 Qf6 8. Nc3
Bg7 9. g3 Qh6 10. Nb5 Kd8 11. Nh4 Nc5 12. Nc3 Bf6 13. Nf3 a5 14. Qc2 f4 15. e4
fxg3 16. fxg3 Bg4 17. Qe2 Be7 18. Bg2 Rf8 19. Nd1 f5 20. Nf2 Bxf3 21. Bxf3 f4
22. Nd3 Nxd3+ 23. Qxd3 Qh3 24. Qe2 fxg3 25. Bg2 Qh4 26. hxg3 Qxg3+ 27. Kd1 Rf2
0-1

[Event "España tch DH-2 2009"]
[Site "Montcada i Reixac ESP"]
[Date "2009.09.20"]
[Round "5.11"]
[White "Cuenca Jimenez, Jose Fernando"]
[Black "Fier, Alexandr"]
[Result "0-1"]
[WhiteElo "2460"]
[BlackElo "2644"]
[PlyCount "152"]
[EventDate "2009.09.16"]
[EventType "team"]
[EventRounds "5"]
[EventCountry "ESP"]
[Source "lmi"]
[SourceDate "2009.09.16"]
[WhiteTeam "C.A. Jaime Casas"]
[BlackTeam "SCC Sabadell"]
[WhiteTeamCountry "ESP"]
[BlackTeamCountry "ESP"]

1. e4 Nf6 2. e5 Nd5 3. Nc3 Nb6 4. d4 d6 5. exd6 cxd6 6. Nf3 Bg4 7. h3 Bxf3 8.
Qxf3 d5 9. Bd3 Nc6 10. Ne2 g6 11. c3 Bg7 12. Qg3 O-O 13. O-O Nd7 14. f4 e6 15.
Qf3 f5 16. Qe3 Re8 17. Bd2 Nf6 18. Kh2 Rb8 19. a4 Na5 20. Bb5 Re7 21. Be1 a6
22. Bd3 Re8 23. Bh4 Nc6 24. Bxf6 Bxf6 25. Kh1 Qb6 26. b4 a5 27. b5 Nd8 28. c4
dxc4 29. Bxc4 Nf7 30. Qb3 Kg7 31. Rae1 Nd6 32. Rd1 Nxc4 33. Qxc4 Rbc8 34. Qb3
Qd6 35. d5 exd5 36. Rxd5 Qe6 37. Ng1 Rc3 38. Qd1 Rc4 39. Rd6 Qe4 40. Nf3 Qe2
41. Rd7+ Kh6 42. Qxe2 Rxe2 43. Rf7 Re6 44. g4 Rxf4 45. Rxf6 Rxf6 46. g5+ Kg7
47. gxf6+ Kxf6 48. Kg2 Rxa4 49. Rd1 Ke7 50. Nd4 Rc4 51. Kf2 Rc3 52. Ra1 b6 53.
h4 Kd6 54. h5 Kc5 55. Rd1 Rh3 56. hxg6 hxg6 57. Ne6+ Kxb5 58. Rb1+ Kc6 59. Nd8+
Kc7 60. Ne6+ Kb7 61. Nf4 Rh6 62. Rg1 a4 63. Nxg6 b5 64. Ke3 Kb6 65. Kd4 a3 66.
Ne5 Ka5 67. Nd3 Rh3 68. Rg8 Ka4 69. Kc3 Rxd3+ 70. Kxd3 Kb3 71. Rg1 a2 72. Rf1
b4 73. Rh1 f4 74. Rf1 Kb2 75. Rf2+ Ka3 76. Rf1 b3 0-1

[Event "España tch DH-2 2009"]
[Site "Montcada i Reixac ESP"]
[Date "2009.09.20"]
[Round "5.12"]
[White "Flores, Diego"]
[Black "Antoli Royo, Joaquin Miguel"]
[Result "1-0"]
[WhiteElo "2607"]
[BlackElo "2400"]
[PlyCount "67"]
[EventDate "2009.09.16"]
[EventType "team"]
[EventRounds "5"]
[EventCountry "ESP"]
[Source "lmi"]
[SourceDate "2009.09.16"]
[WhiteTeam "SCC Sabadell"]
[BlackTeam "C.A. Jaime Casas"]
[WhiteTeamCountry "ESP"]
[BlackTeamCountry "ESP"]

1. c4 c6 2. Nf3 d5 3. d4 Nf6 4. Nc3 g6 5. Bg5 Bg7 6. e3 O-O 7. Qb3 dxc4 8. Bxc4
b5 9. Be2 a6 10. O-O Be6 11. Qc2 Nbd7 12. Rfd1 b4 13. Na4 Qa5 14. Bxf6 exf6 15.
b3 Rfc8 16. Rac1 f5 17. Bc4 Bd5 18. Bxd5 Qxd5 19. Ne1 Bf8 20. Nd3 a5 21. Qe2
Rc7 22. Qf3 Rac8 23. Rc4 Bd6 24. Rdc1 Kf8 25. h3 Ke7 26. Qd1 Kf8 27. Qc2 Ke7
28. Ndc5 Bxc5 29. dxc5 Qe5 30. Rd4 Nf6 31. Nb6 Rb8 32. Qb2 Rd8 33. Nc4 Qe6 34.
Rd6 1-0

[Event "España tch DH-2 2009"]
[Site "Montcada i Reixac ESP"]
[Date "2009.09.20"]
[Round "5.13"]
[White "Fontana Sotomayor, Luis Javier"]
[Black "Magem Badals, Jordi"]
[Result "0-1"]
[WhiteElo "2373"]
[BlackElo "2553"]
[PlyCount "110"]
[EventDate "2009.09.16"]
[EventType "team"]
[EventRounds "5"]
[EventCountry "ESP"]
[Source "lmi"]
[SourceDate "2009.09.16"]
[WhiteTeam "C.A. Jaime Casas"]
[BlackTeam "SCC Sabadell"]
[WhiteTeamCountry "ESP"]
[BlackTeamCountry "ESP"]

1. e4 d5 2. exd5 Qxd5 3. Nc3 Qd6 4. d4 Nf6 5. Nf3 g6 6. h3 Bg7 7. Nb5 Qb6 8. c4
c6 9. Nc3 O-O 10. Bd3 c5 11. d5 e6 12. O-O Na6 13. dxe6 Bxe6 14. a3 Rad8 15.
Qc2 Qc6 16. Ng5 Nc7 17. Be3 b6 18. Rad1 Bc8 19. Nge4 Rfe8 20. Nxf6+ Qxf6 21.
Be4 Qh4 22. Bc6 Rf8 23. Rxd8 Rxd8 24. Rd1 Bd4 25. Qe4 Qxe4 26. Nxe4 Ne6 27. Rd2
Kg7 28. Bd5 Bxe3 29. fxe3 Nc7 30. Bc6 Rxd2 31. Nxd2 Be6 32. Kf2 Kf6 33. Ke2 Ke5
34. Kd3 h6 35. h4 Kf5 36. Bf3 Ne8 37. Ne4 Ke5 38. Nd2 Nd6 39. g4 f5 40. gxf5
Bxf5+ 41. Kc3 Be6 42. Ba8 Bg4 43. b4 Nf5 44. bxc5 bxc5 45. Nb3 Kd6 46. e4 Nxh4
47. Na5 Nf3 48. Nb7+ Kc6 49. Nd8+ Kc7 50. Nf7 h5 51. e5 h4 52. Bxf3 Bxf3 53. e6
h3 54. e7 Bc6 55. Ne5 h2 0-1

[Event "España tch DH-2 2009"]
[Site "Montcada i Reixac ESP"]
[Date "2009.09.20"]
[Round "5.14"]
[White "Almeida Quintana, Omar"]
[Black "Cortes Lizano, Jesus"]
[Result "1-0"]
[WhiteElo "2513"]
[BlackElo "2173"]
[PlyCount "89"]
[EventDate "2009.09.16"]
[EventType "team"]
[EventRounds "5"]
[EventCountry "ESP"]
[Source "lmi"]
[SourceDate "2009.09.16"]
[WhiteTeam "SCC Sabadell"]
[BlackTeam "C.A. Jaime Casas"]
[WhiteTeamCountry "ESP"]
[BlackTeamCountry "ESP"]

1. d4 Nf6 2. c4 e6 3. Nf3 Bb4+ 4. Nbd2 b6 5. g3 Bb7 6. Bg2 Ne4 7. O-O f5 8.
Nxe4 Bxe4 9. c5 bxc5 10. a3 Ba5 11. dxc5 c6 12. Bg5 Qc8 13. Ne5 Bc7 14. Qd4 O-O
15. Bxe4 fxe4 16. Nc4 a5 17. Rfd1 Rf5 18. Be7 Rd5 19. Qxe4 Qe8 20. Bd6 Bxd6 21.
Nxd6 Qh5 22. b4 Na6 23. Nc4 Rf8 24. Ne3 Qxe2 25. Rf1 Rd2 26. Rae1 Qd3 27. Nc4
Qxe4 28. Rxe4 Ra2 29. Ne5 Rxa3 30. Nxd7 Rd8 31. Rd1 Kh8 32. Rxe6 Nxb4 33. Red6
Rc8 34. Ne5 h6 35. Rg6 Rc3 36. Rd7 Rxc5 37. f4 Rg8 38. Ng4 Nd5 39. Nxh6 Kh7 40.
f5 Rc1+ 41. Kf2 Rc2+ 42. Kf3 Rc3+ 43. Kg4 Ne3+ 44. Kg5 Rc5 45. g4 1-0

[Event "España tch DH-2 2009"]
[Site "Montcada i Reixac ESP"]
[Date "2009.09.20"]
[Round "5.15"]
[White "Maza Broto, Pablo"]
[Black "Cruz, Christian"]
[Result "0-1"]
[WhiteElo "1996"]
[BlackElo "2531"]
[PlyCount "66"]
[EventDate "2009.09.16"]
[EventType "team"]
[EventRounds "5"]
[EventCountry "ESP"]
[Source "lmi"]
[SourceDate "2009.09.16"]
[WhiteTeam "C.A. Jaime Casas"]
[BlackTeam "SCC Sabadell"]
[WhiteTeamCountry "ESP"]
[BlackTeamCountry "ESP"]

1. d4 Nf6 2. Nf3 e6 3. c4 Bb4+ 4. Bd2 a5 5. Qc2 d5 6. Bxb4 axb4 7. e3 O-O 8.
Nbd2 b6 9. Bd3 Bb7 10. O-O Nbd7 11. Ne5 c5 12. cxd5 Nxe5 13. dxe5 Qxd5 14. Nf3
Ne4 15. Rfd1 Qc6 16. Bxe4 Qxe4 17. Qxe4 Bxe4 18. Rd6 Rfd8 19. Rxb6 Rxa2 20. Rc1
Rxb2 21. h4 Rc2 22. Rxc2 Bxc2 23. Nd2 g5 24. Nc4 gxh4 25. Nd6 b3 26. e4 Ra8 27.
f4 Ra2 28. Rb8+ Kg7 29. Ne8+ Kh6 30. Nf6 b2 31. Rg8 b1=Q+ 32. Kh2 Bd1 33. Rh8
Qc2 0-1

[Event "España tch DH-2 2009"]
[Site "Montcada i Reixac ESP"]
[Date "2009.09.20"]
[Round "5.16"]
[White "Rodriguez Cespedes, Amador"]
[Black "Olivan Alvira, Alejandro"]
[Result "1-0"]
[WhiteElo "2453"]
[BlackElo "1586"]
[PlyCount "85"]
[EventDate "2009.09.16"]
[EventType "team"]
[EventRounds "5"]
[EventCountry "ESP"]
[Source "lmi"]
[SourceDate "2009.09.16"]
[WhiteTeam "SCC Sabadell"]
[BlackTeam "C.A. Jaime Casas"]
[WhiteTeamCountry "ESP"]
[BlackTeamCountry "ESP"]

1. Nf3 Nf6 2. c4 d5 3. cxd5 Nxd5 4. e4 Nf6 5. Nc3 c6 6. d4 Bg4 7. Be2 Bxf3 8.
Bxf3 e6 9. O-O Be7 10. Be3 O-O 11. Qe2 Na6 12. Rfd1 Nc7 13. Rab1 a6 14. Na4 Bb4
15. a3 Be7 16. Rbc1 Nb5 17. Nc5 Bxc5 18. Rxc5 Nc7 19. Rcc1 Rc8 20. Qc4 Qe7 21.
Qb3 Rb8 22. d5 exd5 23. exd5 Qe5 24. Bd4 Qf4 25. dxc6 bxc6 26. Qc2 Rfd8 27. Ba7
Rxd1+ 28. Rxd1 Rf8 29. Qxc6 Ne6 30. Be3 Qb8 31. b4 Qb5 32. Qxb5 axb5 33. Bc6
Rd8 34. Rxd8+ Nxd8 35. Bxb5 Ne4 36. a4 Nc3 37. Bd7 Nd5 38. Bc5 Nc3 39. a5 Nd5
40. a6 Ne6 41. Bxe6 fxe6 42. a7 Nc7 43. b5 1-0

[Event "España tch DH-2 2009"]
[Site "Montcada i Reixac ESP"]
[Date "2009.09.20"]
[Round "5.21"]
[White "Ponomariov, Ruslan"]
[Black "Malakhov, Vladimir"]
[Result "1/2-1/2"]
[WhiteElo "2741"]
[BlackElo "2715"]
[PlyCount "43"]
[EventDate "2009.09.16"]
[EventType "team"]
[EventRounds "5"]
[EventCountry "ESP"]
[Source "lmi"]
[SourceDate "2009.09.16"]
[WhiteTeam "Linex-Magic"]
[BlackTeam "Reverte Albox"]
[WhiteTeamCountry "ESP"]
[BlackTeamCountry "ESP"]

1. d4 d5 2. c4 c6 3. Nf3 Nf6 4. Nc3 a6 5. cxd5 cxd5 6. Bf4 Nc6 7. Rc1 Ne4 8. e3
Nxc3 9. bxc3 Bf5 10. Bd3 Bxd3 11. Qxd3 e6 12. O-O Be7 13. c4 dxc4 14. Qxc4 O-O
15. e4 Rc8 16. d5 b5 17. Qb3 Na5 18. Rxc8 Qxc8 19. Qd3 Qc4 20. Rd1 exd5 21.
Qxd5 h6 22. Ne5 1/2-1/2

[Event "España tch DH-2 2009"]
[Site "Montcada i Reixac ESP"]
[Date "2009.09.20"]
[Round "5.22"]
[White "Dreev, Alexey"]
[Black "Shirov, Alexei"]
[Result "1/2-1/2"]
[WhiteElo "2662"]
[BlackElo "2730"]
[PlyCount "26"]
[EventDate "2009.09.16"]
[EventType "team"]
[EventRounds "5"]
[EventCountry "ESP"]
[Source "lmi"]
[SourceDate "2009.09.16"]
[WhiteTeam "Reverte Albox"]
[BlackTeam "Linex-Magic"]
[WhiteTeamCountry "ESP"]
[BlackTeamCountry "ESP"]

1. d4 d5 2. c4 c6 3. Nf3 Nf6 4. e3 Bf5 5. Nc3 e6 6. Nh4 Bg6 7. Be2 Nbd7 8. O-O
Ne4 9. g3 Nd6 10. cxd5 cxd5 11. Bd2 Be7 12. Nxg6 hxg6 13. Bd3 Rc8 1/2-1/2

[Event "España tch DH-2 2009"]
[Site "Montcada i Reixac ESP"]
[Date "2009.09.20"]
[Round "5.23"]
[White "Adams, Michael"]
[Black "Matlakov, Maxim"]
[Result "1-0"]
[WhiteElo "2682"]
[BlackElo "2574"]
[PlyCount "73"]
[EventDate "2009.09.16"]
[EventType "team"]
[EventRounds "5"]
[EventCountry "ESP"]
[Source "lmi"]
[SourceDate "2009.09.16"]
[WhiteTeam "Linex-Magic"]
[BlackTeam "Reverte Albox"]
[WhiteTeamCountry "ESP"]
[BlackTeamCountry "ESP"]

1. e4 e5 2. Nf3 Nc6 3. Bb5 a6 4. Ba4 Nf6 5. O-O Be7 6. d3 b5 7. Bb3 O-O 8. a4
Bb7 9. Re1 d6 10. Nbd2 Re8 11. Nf1 Bf8 12. Bg5 Nb8 13. axb5 axb5 14. Rxa8 Bxa8
15. Qa1 Bb7 16. Bxf6 gxf6 17. Ne3 c6 18. Nh4 Na6 19. Qd1 d5 20. Qg4+ Kh8 21.
Qh5 Nc5 22. Qxf7 Bc8 23. Ba2 b4 24. exd5 b3 25. Bxb3 Nxb3 26. cxb3 cxd5 27.
Nxd5 Bg7 28. Qh5 Kg8 29. Rc1 Be6 30. Nc7 Bf7 31. Qg4 h5 32. Qg3 Qc8 33. Rc3 Rf8
34. Ng6 Bxg6 35. Qxg6 Rf7 36. Nd5 Qa8 37. Ne3 1-0

[Event "España tch DH-2 2009"]
[Site "Montcada i Reixac ESP"]
[Date "2009.09.20"]
[Round "5.24"]
[White "Rodriguez Guerrero, Enrique"]
[Black "Cheparinov, Ivan"]
[Result "0-1"]
[WhiteElo "2468"]
[BlackElo "2667"]
[PlyCount "49"]
[EventDate "2009.09.16"]
[EventType "team"]
[EventRounds "5"]
[EventCountry "ESP"]
[Source "lmi"]
[SourceDate "2009.09.16"]
[WhiteTeam "Reverte Albox"]
[BlackTeam "Linex-Magic"]
[WhiteTeamCountry "ESP"]
[BlackTeamCountry "ESP"]

1. d4 Nf6 2. Bg5 c5 3. Nc3 cxd4 4. Qxd4 Nc6 5. Qh4 d6 6. O-O-O Bd7 7. e4 Rc8 8.
Bd3 h6 9. Bd2 Ne5 10. Kb1 g5 11. Qg3 b5 12. h4 g4 13. f4 Nc4 14. Bc1 b4 15.
Nce2 Bg7 16. f5 Qb6 17. Nf4 Na3+ 18. Ka1 Nxc2+ 19. Bxc2 Rxc2 20. Nge2 O-O 21.
Nd4 Rxc1+ 22. Rxc1 Qxd4 23. Ne2 Qxe4 24. Rhe1 Qxf5 25. Rh1 0-1

[Event "España tch DH-2 2009"]
[Site "Montcada i Reixac ESP"]
[Date "2009.09.20"]
[Round "5.25"]
[White "Caruana, Fabiano"]
[Black "Galindo Rodriguez, Francisco"]
[Result "1-0"]
[WhiteElo "2662"]
[BlackElo "2237"]
[PlyCount "129"]
[EventDate "2009.09.16"]
[EventType "team"]
[EventRounds "5"]
[EventCountry "ESP"]
[Source "lmi"]
[SourceDate "2009.09.16"]
[WhiteTeam "Linex-Magic"]
[BlackTeam "Reverte Albox"]
[WhiteTeamCountry "ESP"]
[BlackTeamCountry "ESP"]

1. e4 Nf6 2. e5 Nd5 3. d4 d6 4. Nf3 Bg4 5. Be2 e6 6. O-O Nc6 7. c4 Nb6 8. exd6
cxd6 9. d5 exd5 10. cxd5 Bxf3 11. Bxf3 Ne5 12. Be2 Be7 13. a4 O-O 14. a5 Nbd7
15. Nc3 a6 16. Be3 Rc8 17. Qb3 Qc7 18. Rfc1 Qb8 19. f4 Ng6 20. g3 Bf6 21. Ne4
Be7 22. Nc3 Bf6 23. Ne4 Be7 24. h4 Rxc1+ 25. Rxc1 Rc8 26. Rc4 Rxc4 27. Qxc4 Bd8
28. h5 Ne7 29. b4 Qc7 30. Qd3 h6 31. Kg2 b6 32. axb6 Nxb6 33. Nc3 Qb7 34. Bf2
Nd7 35. Qxa6 Qxb4 36. Nb5 Nf6 37. Bf3 Nexd5 38. Nxd6 Qa5 39. Qb7 Be7 40. Nc4
Qd8 41. Ne5 Qd6 42. Be2 Qc7 43. Qa8+ Qd8 44. Qxd8+ Bxd8 45. Bc4 Bb6 46. Bxb6
Nxb6 47. Bxf7+ Kf8 48. Bg6 Nbd7 49. Nc6 Kg8 50. Kf3 Kf8 51. g4 Ng8 52. Nd4 Ke7
53. Kg3 Kf6 54. Kh4 Nc5 55. Bb1 Ne7 56. Ba2 Ne4 57. Ne6 g6 58. hxg6 Nxg6+ 59.
Kh5 Ne7 60. Kxh6 Nf2 61. Kh5 Ne4 62. g5+ Kf5 63. Bb1 Nd5 64. Nc5 Nxf4+ 65. Kh6
1-0

[Event "España tch DH-2 2009"]
[Site "Montcada i Reixac ESP"]
[Date "2009.09.20"]
[Round "5.26"]
[White "Rubio Tapia, Jose Juan"]
[Black "Perez Candelario, Manuel"]
[Result "0-1"]
[WhiteElo "2125"]
[BlackElo "2516"]
[PlyCount "64"]
[EventDate "2009.09.16"]
[EventType "team"]
[EventRounds "5"]
[EventCountry "ESP"]
[Source "lmi"]
[SourceDate "2009.09.16"]
[WhiteTeam "Reverte Albox"]
[BlackTeam "Linex-Magic"]
[WhiteTeamCountry "ESP"]
[BlackTeamCountry "ESP"]

1. d4 d5 2. c4 e6 3. Nc3 c6 4. Nf3 dxc4 5. a4 Bb4 6. e3 b5 7. Be2 Bb7 8. O-O a6
9. Ne5 Nf6 10. Bd2 O-O 11. f4 Nbd7 12. Be1 c5 13. axb5 cxd4 14. exd4 Bxc3 15.
bxc3 axb5 16. Rb1 Nd5 17. Qd2 Nxe5 18. dxe5 Bc6 19. Bf2 Ra6 20. Bd4 Ne7 21. g4
Qd7 22. f5 exf5 23. gxf5 Nxf5 24. Bg4 Be4 25. Rbe1 Bd3 26. Qf4 Rg6 27. Kh1 Ng3+
28. hxg3 Rxg4 29. e6 Qd5+ 30. Qf3 Qxf3+ 31. Rxf3 Be4 32. Rxe4 Rxe4 0-1

[Event "España tch DH-2 2009"]
[Site "Montcada i Reixac ESP"]
[Date "2009.09.20"]
[Round "5.32"]
[White "Markos, Jan"]
[Black "Ganguly, Surya Shekhar"]
[Result "0-1"]
[WhiteElo "2565"]
[BlackElo "2634"]
[PlyCount "90"]
[EventDate "2009.09.16"]
[EventType "team"]
[EventRounds "5"]
[EventCountry "ESP"]
[Source "lmi"]
[SourceDate "2009.09.16"]
[WhiteTeam "U.E. Montcada"]
[BlackTeam "C.A. Solvay"]
[WhiteTeamCountry "ESP"]
[BlackTeamCountry "ESP"]

1. d4 Nf6 2. Bg5 d5 3. e3 c6 4. Nd2 Qb6 5. Rb1 Bf5 6. Bd3 Bxd3 7. cxd3 Nbd7 8.
Ngf3 h6 9. Bxf6 Nxf6 10. b4 e6 11. O-O Be7 12. Nb3 O-O 13. Nc5 Qc7 14. Qa4 Nd7
15. Rfc1 a6 16. Qb3 Rfc8 17. Rc2 Rab8 18. Rbc1 Nxc5 19. bxc5 b6 20. cxb6 Rxb6
21. Qc3 Bb4 22. Qa1 Ba3 23. Rb1 Rcb8 24. Rxb6 Rxb6 25. g3 Qb7 26. Kg2 a5 27.
Qe1 Bb4 28. Qc1 Bd6 29. Ne5 Rb1 30. Qd2 Bxe5 31. dxe5 Qb5 32. a4 Qxa4 33. Ra2
Qb4 34. Qxb4 axb4 35. Rc2 Rb3 36. d4 Rc3 37. Rb2 Rc4 38. f4 Kf8 39. Kf3 Ke8 40.
g4 c5 41. dxc5 Kd7 42. f5 Kc6 43. f6 g6 44. h3 Kxc5 45. Ke2 d4 0-1

[Event "España tch DH-2 2009"]
[Site "Montcada i Reixac ESP"]
[Date "2009.09.20"]
[Round "5.33"]
[White "Negi, Parimarjan"]
[Black "Del Rio De Angelis, Salvador G"]
[Result "1-0"]
[WhiteElo "2615"]
[BlackElo "2559"]
[PlyCount "61"]
[EventDate "2009.09.16"]
[EventType "team"]
[EventRounds "5"]
[EventCountry "ESP"]
[Source "lmi"]
[SourceDate "2009.09.16"]
[WhiteTeam "C.A. Solvay"]
[BlackTeam "U.E. Montcada"]
[WhiteTeamCountry "ESP"]
[BlackTeamCountry "ESP"]

1. e4 c6 2. d4 d5 3. Nd2 dxe4 4. Nxe4 Bf5 5. Ng3 Bg6 6. h4 h6 7. Nf3 Nd7 8. h5
Bh7 9. Bd3 Bxd3 10. Qxd3 e6 11. Bd2 Ngf6 12. O-O-O Be7 13. Kb1 O-O 14. Ne4 c5
15. g4 Nxg4 16. Qe2 Qb6 17. Ne5 Ngxe5 18. dxe5 Nxe5 19. Rhg1 Rfd8 20. Bxh6 Qa6
21. Rxd8+ Rxd8 22. Qe1 Nf3 23. Qc3 e5 24. Rxg7+ Kh8 25. Qxf3 Qf1+ 26. Bc1 Kxg7
27. h6+ Kf8 28. h7 Kg7 29. Ng3 Qd1 30. Nh5+ Kh8 31. Qxf7 1-0

[Event "España tch DH-2 2009"]
[Site "Montcada i Reixac ESP"]
[Date "2009.09.20"]
[Round "5.34"]
[White "Cuartas, Jaime Alexander"]
[Black "Berg, Emanuel"]
[Result "1-0"]
[WhiteElo "2543"]
[BlackElo "2616"]
[PlyCount "80"]
[EventDate "2009.09.16"]
[EventType "team"]
[EventRounds "5"]
[EventCountry "ESP"]
[Source "lmi"]
[SourceDate "2009.09.16"]
[WhiteTeam "U.E. Montcada"]
[BlackTeam "C.A. Solvay"]
[WhiteTeamCountry "ESP"]
[BlackTeamCountry "ESP"]

1. d4 Nf6 2. c4 g6 3. g3 Bg7 4. Bg2 O-O 5. Nc3 d6 6. Nf3 Nbd7 7. O-O e5 8. b3
Re8 9. e3 c6 10. Bb2 e4 11. Nd2 d5 12. b4 Nf8 13. b5 Bg4 14. Qa4 Qc8 15. bxc6
bxc6 16. Rfc1 Qf5 17. Qxc6 Rac8 18. Qa4 Ne6 19. Nxd5 Nxd5 20. cxd5 Ng5 21. d6
Bf3 22. Qa6 Rb8 23. Ba3 Rb5 24. Qc6 Reb8 25. Nxf3 exf3 26. Bf1 Rd5 27. Qc2 Ne4
28. Rab1 Rd8 29. Qc7 Rf8 30. Rb8 Ng5 31. Rxf8+ Bxf8 32. Qc8 Ne6 33. d7 Rxd7 34.
Qxd7 Bxa3 35. Rc8+ Kg7 36. d5 Nd4 37. Qxf5 Nxf5 38. Rc7 a5 39. e4 Nd4 40. e5
Ne2+ 1-0

[Event "España tch DH-2 2009"]
[Site "Montcada i Reixac ESP"]
[Date "2009.09.20"]
[Round "5.35"]
[White "Ubilava, Elizbar"]
[Black "Narciso Dublan, Marc"]
[Result "0-1"]
[WhiteElo "2534"]
[BlackElo "2533"]
[PlyCount "70"]
[EventDate "2009.09.16"]
[EventType "team"]
[EventRounds "5"]
[EventCountry "ESP"]
[Source "lmi"]
[SourceDate "2009.09.16"]
[WhiteTeam "C.A. Solvay"]
[BlackTeam "U.E. Montcada"]
[WhiteTeamCountry "ESP"]
[BlackTeamCountry "ESP"]

1. d4 f5 2. Nf3 e6 3. g3 Nf6 4. Bg2 d5 5. c4 c6 6. O-O Bd6 7. Nc3 O-O 8. Qc2
Qe7 9. Rb1 Nbd7 10. c5 Bc7 11. b4 a6 12. a4 e5 13. dxe5 Nxe5 14. Nd4 a5 15. b5
Ne4 16. Be3 Bd7 17. bxc6 bxc6 18. Rb7 Rac8 19. Ndb5 cxb5 20. axb5 Qe6 21. Rd1
Bd6 22. Bxe4 fxe4 23. Rxd5 Qh3 24. Qxe4 Ng4 25. Qg2 Nxe3 26. Qxh3 Bxh3 27. Rxd6
Rxc5 28. Rc6 Rc8 29. f3 R8xc6 30. bxc6 Rxc3 31. Kf2 Nd5 32. Rb5 Be6 33. Rxa5
Rxc6 34. g4 Rc2 35. Ra6 Nf4 0-1

[Event "España tch DH-2 2009"]
[Site "Montcada i Reixac ESP"]
[Date "2009.09.20"]
[Round "5.36"]
[White "Comas Fabrego, Lluis"]
[Black "Bernal Moro, Luis Javier"]
[Result "0-1"]
[WhiteElo "2519"]
[BlackElo "2438"]
[PlyCount "80"]
[EventDate "2009.09.16"]
[EventType "team"]
[EventRounds "5"]
[EventCountry "ESP"]
[Source "lmi"]
[SourceDate "2009.09.16"]
[WhiteTeam "U.E. Montcada"]
[BlackTeam "C.A. Solvay"]
[WhiteTeamCountry "ESP"]
[BlackTeamCountry "ESP"]

1. d4 Nf6 2. c4 g6 3. Nc3 Bg7 4. e4 d6 5. Nge2 O-O 6. Ng3 e5 7. d5 a5 8. Be2 h5
9. Bg5 Qe8 10. O-O Nh7 11. Be3 h4 12. Nh1 Na6 13. f3 Bd7 14. Nf2 Qe7 15. Qd2
Bf6 16. g3 Bg5 17. f4 Bh6 18. gxh4 Qxh4 19. fxe5 Bxe3 20. Qxe3 dxe5 21. c5 Ng5
22. Bxa6 Rxa6 23. Nd3 f6 24. Kh1 Raa8 25. Rg1 Rae8 26. Qg3 Qh5 27. Rg2 Kg7 28.
b3 Rh8 29. a3 Nf3 30. Rf1 Nd4 31. Rfg1 g5 32. b4 Qg6 33. Qe3 Rh3 34. Rg3 Reh8
35. Rxh3 Rxh3 36. Rg3 Qh5 37. Rxh3 Qxh3 38. bxa5 Bg4 39. Qg3 Bf3+ 40. Kg1 Bxe4
0-1